Жемчужины ал-Бухари. Хадисы Пророка с комментариями ал-Касталани (Запись № 11750294)

Подробности
000 -МАРКЕР
контрольное поле 01428nam0a2200325 4500
001 - ИДЕНТИФИКАТОР ЗАПИСИ
контрольное поле RU\NLR\BIBL_A\012069938
005 - ИДЕНТИФИКАТОР ВЕРСИИ
контрольное поле 20260406060625.0
010 ## - МЕЖДУНАРОДНЫЙ СТАНДАРТНЫЙ НОМЕР КНИГИ (ISBN)
Номер (ISBN) 978-5-88503-852-2
Тираж 1000
021 ## - НОМЕР ГОСУДАРСТВЕННОЙ РЕГИСТРАЦИИ
Код страны российская федерация
Номер 2019-50131
Номер Листа государственной регистраци КН-П-3632
035 ## - ДРУГИЕ СИСТЕМНЫЕ НОМЕРА
Идентификатор записи (RuMoRGB)010031181
035 ## - ДРУГИЕ СИСТЕМНЫЕ НОМЕРА
Идентификатор записи (NLR Aleph) 012069938
100 ## - ДАННЫЕ ОБЩЕЙ ОБРАБОТКИ
Данные общей обработки 20190805d2019 |||y0rusy50 ca
101 1# - ЯЗЫК РЕСУРСА
Язык текста, звукозаписи и т.д. русский
Язык оригинала не определено
102 ## - СТРАНА ПУБЛИКАЦИИ ИЛИ ПРОИЗВОДСТВА
Страна публикации российская федерация
105 ## - ПОЛЕ КОДИРОВАННЫХ ДАННЫХ: ТЕКСТОВЫЕ МАТЕРИАЛЫ, МОНОГРАФИЧЕСКИЕ
Кодированные данные о монографическом текстовом документе y zzzz||000zy
200 1# - ЗАГЛАВИЕ И СВЕДЕНИЯ ОБ ОТВЕТСТВЕННОСТИ
Основное заглавие Жемчужины ал-Бухари. Хадисы Пророка с комментариями ал-Касталани
Сведения, относящиеся к заглавию [сборник]
Первые сведения об ответственности Имам ал-Бухари
Последующие сведения об ответственности [перевод: Таджуддин-хаджи Казибеков]
210 ## - ПУБЛИКАЦИЯ, РАСПРОСТРАНЕНИЕ И ДР.
Место издания, распространения и т.д. Москва
-- Санкт-Петербург
Имя издателя, распространителя и т. д. Диля
Дата издания, распространения и т.д. 2019
215 ## - ФИЗИЧЕСКАЯ ХАРАКТЕРИСТИКА
Специфическое обозначение материала и объем 314 с.
Размеры 24
333 ## - ПРИМЕЧАНИЯ ОБ ОСОБЕННОСТЯХ РАСПРОСТРАНЕНИЯ И ИСПОЛЬЗОВАНИЯ
Текст примечания 16+
517 1# - ДРУГИЕ ВАРИАНТЫ ЗАГЛАВИЯ
Вариант заглавия Хадисы Пророка с комментариями ал-Касталани
606 ## - НАИМЕНОВАНИЕ ТЕМЫ КАК ПРЕДМЕТ
Наименование темы Хадисы
Тематический подзаголовок Толкование
Системный номер авторитетной/нормативной записи 2398256
Идентификатор авторитетной/нормативной записи RU\NLR\AUTH\661429761
686 2# - ИНДЕКСЫ ДРУГИХ КЛАССИФИКАЦИЙ
Индекс Э38-220.9,12
700 #1 - ИМЯ ЛИЦА - ПЕРВИЧНАЯ ОТВЕТСТВЕННОСТЬ
Материалы, к которым относится поле rus
Графика поля Кириллица
Начальный элемент ввода Бухари
Часть имени, кроме начального элемента ввода А.-А.-М. аль
Даты 810-870
Расширение инициалов личного имени Абу-Абдаллах-Мухаммед аль
Идентификатор авторитетной/нормативной записи RU\NLR\AUTH\7710815
Системный номер авторитетной/нормативной записи 120579
702 #1 - ИМЯ ЛИЦА - ВТОРИЧНАЯ ОТВЕТСТВЕННОСТЬ
Код отношения Переводчик
Материалы, к которым относится поле rus
Графика поля Кириллица
Начальный элемент ввода Казибеков
Часть имени, кроме начального элемента ввода Т.-хаджи
Расширение инициалов личного имени Таджуддин-хаджи
Идентификатор авторитетной/нормативной записи RU\NLR\AUTH\77114864
Системный номер авторитетной/нормативной записи 97789
942 ## - ДОПОЛНИТЕЛЬНЫЕ ЭЛЕМЕНТЫ ЗАПИСИ (АБИС)
Тип экземпляра АБИС Книга
980 ## - КОЛЛЕКЦИЯ
Название коллекции Национальная библиография
Экземпляры
Тип экземпляра Дата поступления Источник поступления Библиотека постоянного хранения Библиотека текущего хранения Место хранения Шифр хранения Штрих-код Статус не для выдачи
Книга 05.08.2019 Обязательный экземпляр РНБ (Московский) РНБ (Московский) Русский книжный фонд: издания с 1957 года, 8этаж, Хран. 2019-7/4952 1-2804282  
Книга 05.08.2019 Обязательный экземпляр РНБ (Московский) РНБ (Московский) Обменный фонд   1-2804286